Millares (Record no. 7430)

MARC details
000 - LÍDER
campo de control de longitud fija 00702nam a2200205Ia 4500
008 - ELEMENTOS DE DATOS DE LONGITUD FIJA - INFORMACIÓN GENERAL
campo de control de longitud fija 0000001977 sp a 0000000000spa00
090 ## - NÚMERO DE LLAMADA DE TIPO LC LOCALMENTE ASIGNADO (OCLC)
Número de clasificación (OCLC) (R) PSP00 F71m
100 1# - ENTRADA PRINCIPAL - NOMBRE PERSONAL
Nombre de la persona Franca, José Augusto
245 10 - TÍTULO DECLARACIÓN
Título Millares
Declaración de responsabilidad / José Augusto Franca ; traducción Fernando Gutiérrez
260 ## - PUBLICACIÓN, DISTRIBUCIÓN
Lugar de publicación Barcelona : Polígrafa
Fecha de publicación 1977
300 ## - DESCRIPCIÓN FÍSICA
Alcance 255 p.
Dimensiones / 28 cm.
500 ## - NOTA GENERAL
Nota general Con el patronazgo de la empresa colombiana PLARESA
600 00 - ENTRADA DE SUJETO AÑADIDO - NOMBRE PERSONAL
Nombre de la persona MILLARES, MANUEL, 1926197/
Subdivisión general TRABAJOS PICTORICOS
650 14 - ENTRADA DE SUJETO AÑADIDO - TÉRMINO TÓPICO
Término tópico o elemento de entrada del nombre geográfico ARTE CONTEMPORANEO ESPAÑOL
650 14 - ENTRADA DE SUJETO AÑADIDO - TÉRMINO TÓPICO
Subdivisión general CATALOGOS
650 14 - ENTRADA DE SUJETO AÑADIDO - TÉRMINO TÓPICO
Término tópico o elemento de entrada del nombre geográfico DIBUJOS ESPAÑOLES
650 14 - ENTRADA DE SUJETO AÑADIDO - TÉRMINO TÓPICO
Término tópico o elemento de entrada del nombre geográfico PINTORES ESPAÑOLES
650 14 - ENTRADA DE SUJETO AÑADIDO - TÉRMINO TÓPICO
Término tópico o elemento de entrada del nombre geográfico PINTURA ESPAÑOLA
700 1# - ENTRADA AGREGADA - NOMBRE PERSONAL
Nombre de la persona Gutiérrez, Fernando, tr.
Holdings
Estado de retirada Pérdida de estatus Estado dañado No para préstamo Código de recogida Ubicación permanente Ubicación actual Ubicación de las estanterías Fecha de adquisición Número de llamada completo Código de barras Fecha de la última vez que se vio Número de copia Precio efectivo desde Tipo de artículo Koha
        General ArtNexus ArtNexus General 06/09/2022 P-SP-00 F71M 7434 06/09/2022 Ej.1 06/09/2022 Libro

Powered by Koha